<?xml version="1.0" encoding="UTF-8"?>
<collection xmlns="http://www.loc.gov/MARC21/slim">
  <record>
    <leader>00000nam  2200000   4500</leader>
    <controlfield tag="001">INLIS000000000053661</controlfield>
    <controlfield tag="005">20181129104525</controlfield>
    <datafield tag="035" ind1="#" ind2="#">
      <subfield code="a">0010-1118000036</subfield>
    </datafield>
    <controlfield tag="007">ta</controlfield>
    <controlfield tag="008">181129###########################0#ind##</controlfield>
    <datafield tag="020" ind1="#" ind2="#">
      <subfield code="a">979-442-291-6</subfield>
    </datafield>
    <datafield tag="082" ind1="#" ind2="#">
      <subfield code="a">658.3</subfield>
    </datafield>
    <datafield tag="084" ind1="#" ind2="#">
      <subfield code="a">658.3 BEC t</subfield>
    </datafield>
    <datafield tag="100" ind1=" " ind2="#">
      <subfield code="a">Becker, Brian E.</subfield>
    </datafield>
    <datafield tag="245" ind1="1" ind2="#">
      <subfield code="a">transforming talent into strategic impact :</subfield>
      <subfield code="b">mencapai sasaran strategis perusahaan melalui karyawan bertalenta /</subfield>
      <subfield code="c">Brian E. Becker, Mark A. Huselid, Richard W. Beatty</subfield>
    </datafield>
    <datafield tag="260" ind1="#" ind2="#">
      <subfield code="a">Jakarta :</subfield>
      <subfield code="b">PPm,</subfield>
      <subfield code="c">2010</subfield>
    </datafield>
    <datafield tag="300" ind1="#" ind2="#">
      <subfield code="a">xvii,283 hlm. ;</subfield>
      <subfield code="c">21 cm.</subfield>
    </datafield>
    <datafield tag="990" ind1="#" ind2="#">
      <subfield code="a">85618561</subfield>
    </datafield>
    <datafield tag="990" ind1="#" ind2="#">
      <subfield code="a">17.951 pb.2011</subfield>
    </datafield>
  </record>
</collection>
